Comparative Study of Spur Gear Characteristics manufactured by CNC WireCut EDM and Gear Hobbing Machine / (Record no. 535289)
[ view plain ]
| 000 -LEADER | |
|---|---|
| fixed length control field | 00561nam a22001577a 4500 |
| 020 ## - INTERNATIONAL STANDARD BOOK NUMBER | |
| Qualifying information | Hard Cover. |
| 082 ## - DEWEY DECIMAL CLASSIFICATION NUMBER | |
| Classification number | 670.5 |
| 100 ## - MAIN ENTRY--PERSONAL NAME | |
| Personal name | Rahim, Abdul |
| 245 ## - TITLE STATEMENT | |
| Title | Comparative Study of Spur Gear Characteristics manufactured by CNC WireCut EDM and Gear Hobbing Machine / |
| Statement of responsibility, etc. | Abdul Rahim. |
| 260 ## - PUBLICATION, DISTRIBUTION, ETC. | |
| Place of publication, distribution, etc. | Islamabad : |
| Name of publisher, distributor, etc. | PNEC - NUST, |
| Date of publication, distribution, etc. | 2015. |
| 300 ## - PHYSICAL DESCRIPTION | |
| Extent | xvii, 86 p. : ill. ; |
| Dimensions | 30cm. |
| 942 ## - ADDED ENTRY ELEMENTS (KOHA) | |
| Source of classification or shelving scheme | |
| Koha item type | Thesis |
| 650 ## - SUBJECT ADDED ENTRY--TOPICAL TERM | |
| Topical term or geographic name entry element | Manufacturing Engineering & Management MS-Thesis |
| 700 ## - ADDED ENTRY--PERSONAL NAME | |
| Personal name | Dr. Aqeel Shah. |
| 650 ## - SUBJECT ADDED ENTRY--TOPICAL TERM | |
| -- | 29771 |
| 700 ## - ADDED ENTRY--PERSONAL NAME | |
| -- | 29772 |
| Withdrawn status | Lost status | Source of classification or shelving scheme | Damaged status | Not for loan | Permanent Location | Current Location | Shelving location | Date acquired | Full call number | Barcode | Date last seen | Price effective from | Non-public note | Koha item type |
|---|---|---|---|---|---|---|---|---|---|---|---|---|---|---|
| Central Library (CL) | Central Library (CL) | Thesis | 09/02/2020 | 670.5 | CL-T-6147 | 09/02/2020 | 09/02/2020 | Minute Sheet No. 0929/02/CL/Survey/5 dated 23rd April 2024 E-MIN ID 114741 | Thesis |
